000
00247nam a2200109Ia 4500
008
240521s1997 xx 000 0 und d
041
_a
eng
100
_a
NAIR.A.
245
_a
THE BETTER MAN
260
_b
PENGUIN BOOKS LTD
_c
1997
300
_a
361
999
_c
1160902
_d
1160902